00379nam a2200145Ia 4500008004100000020001800041041000800059082001900067100002500086245004300111250000600154260004200160300001200202650001900214210716s2007 xx 000 0 und d a9780471777960 aeng a574.80285 HUXI aHu, Xiaohua;Pan, Yi. aKnowledge discovery in bioinformatics. a1 aNew JerseybJohn Wiley and Sonsc2007 axxi,363 aBioinformatics